000
00281nam a22000977a 4500
999
_c
526529
_d
526529
082
_a
SNT A99 V836/2
100
_a
Vivekananda Ji
_9
45790
245
_a
The complete works of Swami Vivekananda
_b
By Vivekananda Ji
260
_a
Uttrakhand
_b
Swami Bodhasarananda
_c
2013
300
_a
549p